00329pab a2200121 454500008004000000100001700040245006300057260000900120300001300129362001100142650002000153773003400173180718b2010 xxu||||| |||| 00| 0 eng d aDutt, Gautam aReaching a climate agreement: beyond the Copenhagen accord c2010 ap.32-37. a24 Apr aClimatic change aEconomic and Political Weekly